百怪鎮

資料類型: Book 圖書   書目號:55771

Leader xxxxxxxxxx
001 __ PCLIS00055771
005 __ 20220309133712.0
010 0_ |a978-986-5690-89-2|b平裝|dNT$280
042 __ |anbic
100 __ |a20161116d2016    d  y0chiy09      e
101 0_ |achi
102 __ |atw
105 __ |ao   z   000ay
200 1_ |a百怪鎮|f范錫林著
205 __ |a初版
210 __ |a臺北市|c龍少年出版|c龍圖騰文化發行|a新北市汐止區|c聯寶國際文化總經銷|d2016.09[民105]
215 0_ |a216面|d21公分
225 2_ |a少年群俠傳|vNLA02
410 _1 |12001 |a少年群俠傳|vNLA02
606 __ |2cst|a兒童小說
681 __ |a859.6|b4484
700 _1 |a|b錫林|f1950- |4801 _0 |atw|bKLCC|c20161116|gCCR
801 _1 |atw|b內湖高中|c20220129|gCCR
801 _2 |atw|b內湖高中|c20220129|gCCR
詳細館藏(共 1 筆)
索 書 號登 錄 號冊次號館別 / 館藏地流通類型狀態加入預約清單電子資源
859.6 / 8687 2020775  圖書館 / 一樓普通區 可外借30天 在館   

| 條列資料




目錄查詢 分類查詢 個人資料 圖書薦購 新書查詢 閉館日 排行榜 更多電子資源 Hami書城 線上資料庫 登出

From : 216.73.216.116

  本日流通累計至 16:36:44 借閱 : 9 次 續借 : 0 次 歸還 : 10 次 預約 : 0 次 電子資源 : 0 次


內湖高中圖書館  PCLIS 版本  25.5.0.2